Dzielnice Krakowa według map satelitarnych - Statystyki

Ogólne statystyki
  • Ten quiz został rozwiązany 13 razy
  • Średni wynik to 11 z 18
Statystyki odpowiedzi
Obrazkowy Odpowiedź % Poprawnych
Stare Miasto
100%
Grzegórzki
75%
Czyżyny
67%
Krowodrza
67%
Nowa Huta
67%
Podgórze
67%
Prądnik Czerwony
67%
Bieńczyce
58%
Bieżanów-Prokocim
58%
Bronowice
58%
Dębniki
58%
Mistrzejowice
58%
Prądnik Biały
58%
Swoszowice
58%
Wzgórza Krzesławickie
58%
Zwierzyniec
58%
Łagiewniki-Borek Fałęcki
50%
Podgórze Duchackie
50%
Nie znaleziono quizów pasujących do podanych kryteriów
Rozkład punktacji
Procent ludzi z każdym wynikiem
Percentyl według liczby udzielonych odpowiedzi
Twoja historia wyników
Nie rozwiązałeś tego quizu